00326pab a2200121 454500008004000000100001800040245007600058260000900134300001400143362000800157650001400165773002500179180718b2011 xxu||||| |||| 00| 0 eng d aAllan, T.R.S. aJudicial deference and judicial review: Legal doctrine and legal theory c2011 ap.96-117. aJan aJudiciary aLaw Quarterly Review